Пухляков Л. А. - участник Великой Отечественной войны, выпускник кафедры горючих полезных ископаемых ТПИ, исследователь в области проблемы происхождения нефти и газа, геолог, учёный, педагог, писатель; Проблемы геологии и освоения недр; Т. 1
| Parent link: | Проблемы геологии и освоения недр: труды XIX Международного симпозиума имени академика М. А. Усова студентов и молодых ученых, посвященного 70-летнему юбилею Победы советского народа над фашистской Германией, Томск, 6-10 апреля 2015 г./ Национальный исследовательский Томский политехнический университет (ТПУ), Институт природных ресурсов (ИПР) ; Общество инженеров-нефтяников, международная некоммерческая организация, Студенческий чаптер ; под ред. А. Ю. Дмитриева.— , 2015 Т. 1.— [С. 202-204] |
|---|---|
| Hovedforfatter: | |
| Institution som forfatter: | |
| Andre forfattere: | , |
| Summary: | Заглавие с экрана |
| Sprog: | russisk |
| Udgivet: |
|
| Serier: | Геология нефти и газа. Современные методы поисков и разведки углеводородного сырья. Геоинформационные системы в геологии нефти и газа |
| Fag: | |
| Online adgang: | http://earchive.tpu.ru/handle/11683/22912 http://www.lib.tpu.ru/fulltext/c/2015/C11/V1/083.pdf |
| Format: | Electronisk Book Chapter |
| KOHA link: | https://koha.lib.tpu.ru/cgi-bin/koha/opac-detail.pl?biblionumber=614900 |
MARC
| LEADER | 00000naa2a2200000 4500 | ||
|---|---|---|---|
| 001 | 614900 | ||
| 005 | 20231102023520.0 | ||
| 035 | |a (RuTPU)RU\TPU\conf\13077 | ||
| 035 | |a RU\TPU\conf\13076 | ||
| 090 | |a 614900 | ||
| 100 | |a 20151019d2015 k y0rusy50 ca | ||
| 101 | 0 | |a rus | |
| 102 | |a RU | ||
| 105 | |a y z 100zy | ||
| 135 | |a drgn ---uucaa | ||
| 181 | 0 | |a i | |
| 182 | 0 | |a b | |
| 200 | 1 | |a Пухляков Л. А. - участник Великой Отечественной войны, выпускник кафедры горючих полезных ископаемых ТПИ, исследователь в области проблемы происхождения нефти и газа, геолог, учёный, педагог, писатель |f Н. С. Алексеенко, Ю. Е. Копцева |g науч. рук. Т. А. Гайдукова | |
| 203 | |a Текст |c электронный | ||
| 225 | 1 | |a Геология нефти и газа. Современные методы поисков и разведки углеводородного сырья. Геоинформационные системы в геологии нефти и газа | |
| 230 | |a 1 компьютерный файл (pdf; 378 Kb) | ||
| 300 | |a Заглавие с экрана | ||
| 320 | |a [Библиогр.: с. 204 (6 назв.)] | ||
| 337 | |a Adobe Reader | ||
| 461 | 1 | |0 (RuTPU)RU\TPU\conf\12865 |t Проблемы геологии и освоения недр |o труды XIX Международного симпозиума имени академика М. А. Усова студентов и молодых ученых, посвященного 70-летнему юбилею Победы советского народа над фашистской Германией, Томск, 6-10 апреля 2015 г. |o в 2 т. |f Национальный исследовательский Томский политехнический университет (ТПУ), Институт природных ресурсов (ИПР) ; Общество инженеров-нефтяников, международная некоммерческая организация, Студенческий чаптер ; под ред. А. Ю. Дмитриева |d 2015 | |
| 463 | 1 | |0 (RuTPU)RU\TPU\conf\12868 |t Т. 1 |v [С. 202-204] | |
| 600 | 1 | |a Пухляков |b Л. А. |c геолог |c доцент Томского политехнического университета |f 1925- |g Любим Андреевич |y Томск |2 stltpush |3 (RuTPU)RU\TPU\pers\27761 |9 12822 | |
| 610 | 1 | |a труды учёных ТПУ | |
| 610 | 1 | |a электронный ресурс | |
| 610 | 1 | |a геологи-политехники | |
| 610 | 1 | |a участники Великой отечественной войны | |
| 610 | 1 | |a выпускники-геологи | |
| 700 | 1 | |a Алексеенко |b Н. С. | |
| 701 | 1 | |a Копцева |b Ю. Е. | |
| 702 | 1 | |a Гайдукова |b Т. А. |c геолог |c доцент Томского политехнического университета |f 1951- |g Татьяна Алексеевна |2 stltpush |4 727 | |
| 712 | 0 | 2 | |a Национальный исследовательский Томский политехнический университет (ТПУ) |b Институт природных ресурсов (ИПР) |b Кафедра геологии и разведки полезных ископаемых (ГРПИ) |h 2181 |2 stltpush |3 (RuTPU)RU\TPU\col\18660 |
| 801 | 2 | |a RU |b 63413507 |c 20210118 |g RCR | |
| 856 | 4 | |u http://earchive.tpu.ru/handle/11683/22912 | |
| 856 | 4 | |u http://www.lib.tpu.ru/fulltext/c/2015/C11/V1/083.pdf | |
| 942 | |c BK | ||